| 000 | 01770nam a2200349 c 4500 | ||
|---|---|---|---|
| 003 | BLK | ||
| 005 | 20250228124341.0 | ||
| 008 | 180408b bul|||||r ||||||| ||bul|| | ||
| 010 | _aKNG00049059000 | ||
| 040 | _aBLK | ||
| 041 |
_aBUL _cBUL |
||
| 080 |
_aНемска литература _b821.112.2 _x-8 _z821.112.2-8 |
||
| 100 | 1 |
_aЛесинг, Готхолд Ефраим _eпърви автор _9280065 |
|
| 139 |
_aЛесинг, Готхолд Ефраим _bЛ 48 |
||
| 245 | 1 | 0 |
_aИзбрани творби _cГотхолд Ефраим Лесинг; прев. от нем. Красен Русев; състав. Емилия Стайчева; предг. от Любомир Огнянов. |
| 257 | _aDEU | ||
| 260 |
_bНар. култура _c1984 _aСофия |
||
| 300 |
_a543 с. _c21 см |
||
| 380 | _aX | ||
| 490 | _aСветовна класика | ||
| 500 | _aОриг. загл. Ausgewahlte Werke / Gotthold Ephriam Lessing. - Други прев. : Б. Добрева, Д. СтоевскиЛ. Илиев и др. Съдържа : Стихотворения, епиграми и басни ; Драми и драматически фрагмент : Естетически и философски съчинения ; Разговори и писма. | ||
| 700 | 1 |
_aРусев, Красен _eпрев. от нем. _9280066 |
|
| 700 | 1 |
_aСтайчева, Емилия _eсъстав. _9280067 |
|
| 700 |
_aОгнянов, Любомир Георгиев _d1941 - _gИсторик. _9241997 |
||
| 852 | _aЦб 130342 | ||
| 856 | 4 | _qpdf | |
| 856 | 4 | _qpdf | |
| 942 |
_cKNG _n0 |
||
| 944 |
_aCR _c28.03.2005 _k30560 _lГеновева Генчева |
||
| 944 |
_aED _c15.02.2018 _kТеодора_Стоянова |
||
| 999 |
_c45272 _d45272 |
||
| 999 | _d45272 | ||